00770nmc a2200253 a 4500003001200000005001700012008004100029020001800070040001600088100002000104245003100124246010100155260005300256300001500309490003000324500002000354650001100374650002500385650002400410650001200434650003000446650002200476700001800498AR-X00000XY20251128211947.0307020s1994 ||||||||||||||000 | spa|| a0-13-100256-2 cAR-X00000XY1 aPerrett, Jeanne10aWord bird and the Whirlies1 aWord bird and the Whirliesba reading, listening and activity book for young learners of english aHertfordshirebPrentice-Hall Internacionalc19940 a77 p.bil. 0aEnglish language teaching0 aNivel elemental 4aINGLES 4aENSENANZA DE IDIOMAS 4aLITERATURA INFANTIL 4aLECTURA 4aEJERCICIOS DE APRENDIZAJE 4aLIBROS PARA NINOS1 aReid, Jeffrey